000 00659cam a2200229 4500
008 090401t1995 xxu||||| |||| 00| 0 eng d
020 _a0117531308
035 _a(Sirsi) u44669
041 _aeng
110 _aUnited Kingdom
_bDepartment of the Environment
_9982
245 4 _aThe use of conditions in planning permissions.
260 _aLondon
_bHMSO
_c1995
300 _a47p. ; 25cm.
350 _a6.5
490 _aDoE Circular
_v11/95 20 July 1995
650 _aPLANNING CONDITIONS
650 _aPLANNING PERMISSION
690 _aPLANNING LAW AND PRACTICE
710 _aUnited Kingdom
_bWelsh Office
_91214
942 _n0
948 _c04/03/1997
999 _c91575
_d91575